China (Record no. 9309)

MARC details
000 -CABECERA
campo de control de longitud fija 00734nam a2200229 a 4500
001 - NÚMERO DE CONTROL
campo de control BRL_497
005 - FECHA Y HORA DE LA ÚLTIMA TRANSACCIÓN
campo de control 20190320210754.0
008 - DATOS DE LONGITUD FIJA--INFORMACIÓN GENERAL
campo de control de longitud fija 210813s1962----gw-abo####---#000-0#ger-#
041 ## - CÓDIGO DE LENGUA
Código de lengua del texto/banda sonora o título independiente ger
044 ## - CÓDIGO DEL PAÍS DE LA ENTIDAD EDITORA/PRODUCTORA
Código MARC del país gw
050 #4 - SIGNATURA TOPOGRÁFICA DE LA BIBLIOTECA DEL CONGRESO
Número de clasificación N5305
Número de documento/Ítem .K86 14 1962
100 1# - ENTRADA PRINCIPAL--NOMBRE DE PERSONA
Nombre de persona Speiser, Werner
9 (RLIN) 24112
245 10 - MENCIÓN DE TÍTULO
Título China
Resto del título Geist und Gesellschaft
Mención de responsabilidad, etc. von Werner Speiser.
260 ## - PUBLICACIÓN, DISTRIBUCIÓN, ETC.
Lugar de publicación, distribución, etc. Germany
Nombre del editor, distribuidor, etc. Holle-Verlag Baden-Baden
Fecha de publicación, distribución, etc. 1962
300 ## - DESCRIPCIÓN FÍSICA
Extensión 270 p.
Otras características físicas il. (algunas a color), mapas
Dimensiones 23 cm.
440 #0 - MENCIÓN DE SERIE/PUNTO DE ACCESO ADICIONAL--TÍTULO
Título Kunst der Welt; ihre geschichtlichen, soziologischen und religiösen Grundlagen
Nombre de parte o sección de la obra Die aussereuropäischen Kulturen
Designación de volumen o secuencia 14
9 (RLIN) 24113
500 ## - NOTA GENERAL
Nota general Au522
500 ## - NOTA GENERAL
Nota general Bibliografía: p. 259-261
650 14 - PUNTO DE ACCESO ADICIONAL DE MATERIA--TÉRMINO DE MATERIA
Término de materia o nombre geográfico como elemento de entrada Arte chino
9 (RLIN) 7252
902 ## - CATALOGADOR
Iniciales GRL
942 ## - ELEMENTOS DE PUNTO DE ACCESO ADICIONAL (KOHA)
Fuente del sistema de clasificación o colocación Library of Congress Classification
Tipo de ítem Koha Libros
Holdings
Estado de retiro Estado de pérdida Estado dañado No para préstamo Localización permanente Ubicación/localización actual Fecha de adquisición Número de inventario Total de préstamos Signatura topográfica completa Código de barras Fecha visto por última vez Precio válido a partir de Tipo de ítem Koha
El ejemplar forma parte de la colección y puede ser consultado según las políticas vigentes.       Biblioteca Centro de Estudios Ruth D. Lechuga Biblioteca Centro de Estudios Ruth D. Lechuga 21/08/2013 Au522   N5305 .K86 14 1962 (Au522) GRL00546 22/03/2019 22/03/2019 Libros